Kho tàng truyện cổ Grim

محفوظ في:
التفاصيل البيبلوغرافية
المؤلف الرئيسي: Kho tàng truyện cổ Grim
التنسيق: كتاب
اللغة:Undetermined
منشور في: Hà Nội VHTT 2001
الموضوعات:
الوسوم: إضافة وسم
لا توجد وسوم, كن أول من يضع وسما على هذه التسجيلة!
Thư viện lưu trữ: Trung tâm Học liệu Trường Đại học Cần Thơ
LEADER 00509nam a2200169Ia 4500
001 CTU_40727
008 210402s9999 xx 000 0 und d
082 |a 398.20933 
082 |b Kh400 
100 |a Kho tàng truyện cổ Grim 
245 0 |a Kho tàng truyện cổ Grim 
245 0 |c Kho tàng truyện cổ Grim, Hữu Ngọc 
260 |a Hà Nội 
260 |b VHTT 
260 |c 2001 
650 |a folk literature, german 
980 |a Trung tâm Học liệu Trường Đại học Cần Thơ